Guess the Random Words - Statistics

General Stats
  • This quiz has been taken 28 times
  • The average score is 2 of 5
Answer Stats
Letter it Starts With Word Letter it Ends With Number of Letters % Correct
J Jet T 3
100%
Q Quiz Z 4
100%
R Real L 4
100%
C Cat T 3
86%
Z Zoo O 3
75%
C Chat T 4
67%
P Peak K 4
67%
F Finish H 6
50%
F Five E 4
50%
S Star R 4
50%
C Click K 5
43%
H Hero O 4
43%
W Worm M 4
43%
F Follow W 6
40%
C Crazy Y 5
25%
M Maybe E 5
25%
P Punk K 4
25%
P Please E 6
20%
A Almost T 6
0%
C Cheese E 6
0%
D Division N 8
0%
E Extreme E 7
0%
H Hound D 5
0%
L Lands S 5
0%
P Picture E 7
0%
No matching quizzes found
Score Distribution
Percent of People with Each Score
Percentile by Number Answered
Your Score History
You have not taken this quiz